000 00697nam a2200193 4500
001 138842
003 ES-MaACL
005 20231209062946.0
007 t|
008 070214s1980 mx r ||||1| spa d
100 1 _aSaña, Heleno,
_d1930-
_9103701
245 1 3 _aLa teoría crítica de Francfort /
_cHeleno Saña.
260 _aMéxico :
_bUniversidad Nacional Autónoma,
_c1980.
300 _a15 h. ;
_c23 cm.
500 _aEs tirada aparte de Cuadernos del Centro de Documentación Legislativa Universitaria, vol. II, nº 3, enero-marzo 1980.
710 2 _aUniversidad Nacional Autónoma de México.
_97397
852 _aES-MaACL
_j2115-F-19
_bR.101146
999 _c138842
_d138842